000 00273nam a22001217a 4500
999 _c166566
_d166566
082 _a
_b
245 _aPartition of India why 1947/
_cby Kaushik Roy (ed.).
260 _a
_bOxford,
_c2012.
300 _a274p.
650 _a
700 _aKaushik Roy (ed.)
942 _cBK